| 000 | 00533nam a2200193Ia 4500 | ||
|---|---|---|---|
| 005 | 20250508163412.0 | ||
| 008 | 008 250505s9999 xx 000 0 eng d | ||
| 037 | _aBooks to be hide in OPAC | ||
| 040 |
_aFEDL _beng _cFEDL |
||
| 041 |
_aeng _2eng |
||
| 084 |
_a026.37, LON/O _qFEDL |
||
| 100 |
_aKimmance S K _9775269 |
||
| 245 | 0 | _aGuide to the literature of education | |
| 260 | _c1961 | ||
| 300 | _a86p. | ||
| 490 | _aEducation libraries bulletin | ||
| 942 |
_cHB _h026.37, LON/O |
||
| 999 |
_c1382856 _d1382856 |
||